000 00287nam a2200121Ia 4500
008 190216s9999||||xx |||||||||||||| ||und||
100 _aWarwick Shakespeare
245 4 _aThe Tragedy Of Macbeth
260 _bBlacke & Son
_c1956
300 _a167
650 _aEnglish Drama
942 _cBK
999 _c11910
_d11910